| 000 | 00491nam a2200133Ia 4500 | ||
|---|---|---|---|
| 008 | 200910s9999 xx 000 0 und d | ||
| 020 | _a978-178-99-5452-4 | ||
| 100 | _aAtar, Afsana | ||
| 245 |
_cAfsana Atar _aHands-on test management with Jira: _bend-to-end test management with zephyr, synapseRT, and Jenkins in Jira/ |
||
| 260 |
_aQuezon City: _bC and E Publishing, Inc. _c2019 |
||
| 300 |
_av, 251 pages _c23 cm. |
||
| 650 | _aComputer software -- testing | ||
| 650 | _aJIRA (Computer file) | ||
| 999 |
_c364178 _d364178 |
||